| 000 | 00646nam a2200169Ia 4500 | ||
|---|---|---|---|
| 005 | 20250718142147.0 | ||
| 008 | 250718s9999 xx 000 0 und d | ||
| 020 | _a9780231133814 | ||
| 082 |
_a940.54213 _bFRI |
||
| 100 | _aFriedrich, Jörg | ||
| 245 | 4 | _aThe Fire | |
| 260 |
_bColumbia University Press _c2008 |
||
| 300 | _a556 pages | ||
| 500 | _aIn the final phase of the World War II, the Allies launched a bombing campaign that inflicted unprecedented destruction on Germany. This work attempts to document life under the Allied bombing, and renders the annihilation of cities such as Dresden. | ||
| 650 | _aHistory | ||
| 942 | _cENGLISH | ||
| 999 |
_c576388 _d576388 |
||